000 01369nam a22002297a 4500
999 _c63487
_d63487
003 Ge_BSU
005 20251017201453.0
008 251017s1985 ge ||||| |||| 00| 0 geo d
041 _ageo
080 _a908(479.223)(084.12) ს-13
245 _aსაბჭოთა აჭარა = Советская Аджария = Soviet Ajaria = L'Adjarie Soviétique = Sowjet Adsharien : [ფოტოალბომი] /
_cАвтор текста и ответственный за выпуск В. Шарашидзе ; Редактор А. Андреев ; Фото Л. Виноградова ; Художник А. Финогенов.
264 _aМосква :
_b Прогресс,
_c [1985]
300 _a[68] გვ. :
_bილ. ;
_c17 სმ.
500 _aგარეკანი და ტექსტი ქართულ, რუსულ, ინგლისურ, ფრანგულ და გერმანულ ენებზე.
653 _aაჭარა
653 _aფოტოალბომები
700 _aАндреев, А.
_eრედაქტორი
_926053
700 _aВиноградова, Л.
_eფოტო
_926054
700 _aФиногенов, А.
_eმხატვარი
_926055
700 _aშარაშიძე, ვ.
_eტექსტის ავტორი
_926056
942 _2udc
_cᲬᲘᲒᲜᲘ